000 01221nam a2200301 i 4500
001 000038204
003 DO-SdBNP
005 20250307090144.0
007 ta
008 110312s1979 dr c 000 0 spa d
040 _aDO-SdBNP
_bspa
_cBNPHU
_erda
082 4 _a972.93054
_bB171m 1979
_222
100 1 _a Balaguer, Joaquín,
_d1906-2002
_eautor
_976556
245 1 0 _aMensajes presidenciales /
_cJoaquín Balaguer.
264 _aBarcelona :
_bM. Pareja,
_c1979
300 _a485 páginas :
_bilustraciones, retratos ;
_c25 cm.
336 _2rdacontent
_atexto
_btxt
337 _2rdamedia
_asin mediación
_bn
338 _2rdacarrier
_avolumen
_bnc
490 0 _aDiscursos
_v5
505 0 _gv. 1
_tTemas literarios --
_gv.2
_tTemas educativos y actividades diplomaticas --
_gv.3
_tLa marcha hacia al capitolio --
_gv.4
_tLa palabra encadenada --
_gv.5
_tMensajes presidenicales.
590 _aInventariado, 2022/MFF
600 1 0 _a Balaguer, Joaquín,
_d1906-2002
_xEnsayos, conferencias, etc.
_976556
651 1 4 _aRepública Dominicana
_xPolítica y gobierno
_y1961-
_9204
651 1 4 _aRepública Dominicana
_xCondiciones económicas
_xHistoria
_y1961-
_943863
910 _aValidado. Control de calidad MFF
942 _2ddc
_cLBS1
999 _c37694
_d37694